Možnosti financování a podpor malých a středních podniků v České republice
Zdroje financovania malých a stredných podnikov v ČR. Podpory podnikania, ktoré môžu MSP využívať. Výpočet agentúr rôzneho zamerania, ktoré svojou činnosťou podporujú export a ďalšie činnosti. V dobe krízy je situácia v podnikateľskej činnosti v ČR málo priaznivá.
Salvato in:
| Autore principale: | |
|---|---|
| Altri autori: | |
| Natura: | Capitolo di libro |
| Lingua: | ceco |
| Soggetti: | |
| Tags: |
Nessun Tag, puoi essere il primo ad aggiungerne!!
|
MARC
| LEADER | 00000nla$a2200000$$$4500 | ||
|---|---|---|---|
| 001 | 0115021 | ||
| 005 | 20221207082051.7 | ||
| 041 | 0 | |a cze | |
| 044 | |a SK | ||
| 245 | 1 | 0 | |a Možnosti financování a podpor malých a středních podniků v České republice |c Jana Hornungová, Markéta Klímková |
| 520 | |a Zdroje financovania malých a stredných podnikov v ČR. Podpory podnikania, ktoré môžu MSP využívať. Výpočet agentúr rôzneho zamerania, ktoré svojou činnosťou podporujú export a ďalšie činnosti. V dobe krízy je situácia v podnikateľskej činnosti v ČR málo priaznivá. | ||
| 610 | 2 | 0 | |a podnikanie malé |
| 610 | 2 | 0 | |a podnikanie stredné |
| 610 | 2 | 0 | |a Česko |
| 610 | 2 | 0 | |a zdroje finančné |
| 610 | 2 | 0 | |a agentúry |
| 610 | 2 | 0 | |a podpory |
| 100 | 1 | |a Hornungová, Jana | |
| 700 | 1 | |a Klímková, Markéta | |